Bioethics (Record no. 28661)
[ view plain ]
| 000 -LEADER | |
|---|---|
| fixed length control field | 00483nam a2200193Ia 4500 |
| 003 - CONTROL NUMBER IDENTIFIER | |
| control field | 0100 |
| 008 - FIXED-LENGTH DATA ELEMENTS--GENERAL INFORMATION | |
| fixed length control field | 130303s9999 xx 000 0 und d |
| 040 ## - CATALOGING SOURCE | |
| Transcribing agency | ARRUPELIB |
| 050 ## - LIBRARY OF CONGRESS CALL NUMBER | |
| Classification number | R724.B471976 |
| 100 ## - MAIN ENTRY--PERSONAL NAME | |
| Personal name | Shannon, Thomas A |
| 245 ## - TITLE STATEMENT | |
| Title | Bioethics |
| 245 ## - TITLE STATEMENT | |
| Remainder of title | Basic writings on the key ethical questions that surround the major, modern biol |
| 260 ## - PUBLICATION, DISTRIBUTION, ETC. (IMPRINT) | |
| Place of publication, distribution, etc | New Jersey |
| 260 ## - PUBLICATION, DISTRIBUTION, ETC. (IMPRINT) | |
| Name of publisher, distributor, etc | Paulist PR |
| 260 ## - PUBLICATION, DISTRIBUTION, ETC. (IMPRINT) | |
| -- | 1976 |
| 300 ## - PHYSICAL DESCRIPTION | |
| Extent | 513p |
| 650 ## - SUBJECT ADDED ENTRY--TOPICAL TERM | |
| Topical term following geographic name as entry element | Existentialism |
| 942 00 - ADDED ENTRY ELEMENTS (KOHA) | |
| Koha issues (borrowed), all copies | 12 |
| Withdrawn status | Lost status | Source of classification or shelving scheme | Damaged status | Not for loan | Collection code | Home library | Current library | Shelving location | Date acquired | Total Checkouts | Full call number | Barcode | Date last seen | Date checked out | Copy number | Price effective from | Koha item type |
|---|---|---|---|---|---|---|---|---|---|---|---|---|---|---|---|---|---|
| Library of Congress Classification | Main Collection | ARRUPE LIBRARY | ARRUPE LIBRARY | 04/03/2013 | 1 | R724.B471976 | 46003070217 | 02/07/2019 | 12/11/2014 | 1 | 04/03/2013 | Monograph ( Printed materials) | |||||
| Library of Congress Classification | Main Collection | ARRUPE LIBRARY | ARRUPE LIBRARY | 04/03/2013 | 9 | R724.B471976 | 46003070741 | 01/06/2022 | 28/02/2022 | 2 | 04/03/2013 | Monograph ( Printed materials) | |||||
| Library of Congress Classification | Main Collection | ARRUPE LIBRARY | ARRUPE LIBRARY | 04/03/2013 | 7 | R724.B471976 | 46003070736 | 02/06/2022 | 31/03/2022 | 3 | 04/03/2013 | Monograph ( Printed materials) | |||||
| Library of Congress Classification | Main Collection | ARRUPE LIBRARY | ARRUPE LIBRARY | 04/03/2013 | 1 | R724.B471976 | 46003070572 | 02/07/2019 | 11/09/2015 | 4 | 04/03/2013 | Monograph ( Printed materials) | |||||
| Library of Congress Classification | Main Collection | ARRUPE LIBRARY | ARRUPE LIBRARY | 04/03/2013 | 5 | R724.B471976 | 46003070742 | 06/06/2024 | 22/02/2024 | 5 | 04/03/2013 | Monograph ( Printed materials) |